000 00918cab a2200277 4500
001 ABS59738
008 090401t1998 xxu||||| |||| 00| 0 eng d
035 _a(Sirsi) u89808
041 _aeng
100 _aRollinson, T.
245 _aDeveloping opportunities
260 _c1998
350 _a0
490 _aTimber Grower
_v(149) Winter 1998, 24-25(2)
520 _aFollowing devolution, the functions of the Secretaries of State for Wales and Scotland, in relation to forestry, will be transferred to the Welsh Assembly and the Scottish Parliament. Discusses the process of devolution, and the preparation of a Forest Strategy for England.
650 _aDEVOLUTION
650 _aFOREST STRATEGY FOR ENGLAND
650 _aFORESTRY COMMISSION
650 _aFUTURE
650 _aGRANTS
650 _aMARKET
650 _aWOODLANDS
690 _aRURAL PRACTICE
942 _n0
948 _c19/11/1998
999 _c56848
_d56848